Breaking ice : (Record no. 9223)

MARC details
000 -LEADER
fixed length control field 01141pam a2200277 a 4500
001 - CONTROL NUMBER
control field 2455764
003 - CONTROL NUMBER IDENTIFIER
control field OSt
005 - DATE AND TIME OF LATEST TRANSACTION
control field 20240717113827.0
008 - FIXED-LENGTH DATA ELEMENTS--GENERAL INFORMATION
fixed length control field 891228s1990 nyu 000 1 eng
010 ## - LIBRARY OF CONGRESS CONTROL NUMBER
LC control number 89072191
020 ## - INTERNATIONAL STANDARD BOOK NUMBER
International Standard Book Number 0140116974 :
Terms of availability $10.95 ($14.95 Can.)
040 ## - CATALOGING SOURCE
Original cataloging agency DLC
Transcribing agency MUST
Modifying agency DLC
043 ## - GEOGRAPHIC AREA CODE
Geographic area code n-us---
245 00 - TITLE STATEMENT
Title Breaking ice :
Remainder of title an anthology of contemporary African-American fiction /
Statement of responsibility, etc. edited by Terry McMillan ; [with a preface by John Edgar Wideman].
260 ## - PUBLICATION, DISTRIBUTION, ETC. (IMPRINT)
Place of publication, distribution, etc. New York, N.Y., U.S.A. :
Name of publisher, distributor, etc. Penguin Books,
Date of publication, distribution, etc. 1990.
300 ## - PHYSICAL DESCRIPTION
Extent xxiv, 690 p. ;
Dimensions 24 cm.
650 #0 - SUBJECT ADDED ENTRY--TOPICAL TERM
Topical term or geographic name as entry element American fiction
General subdivision African American authors.
9 (RLIN) 18818
650 #0 - SUBJECT ADDED ENTRY--TOPICAL TERM
Topical term or geographic name as entry element American fiction
Chronological subdivision 20th century.
9 (RLIN) 18819
650 #0 - SUBJECT ADDED ENTRY--TOPICAL TERM
Topical term or geographic name as entry element African Americans
General subdivision Fiction.
9 (RLIN) 18820
700 1# - ADDED ENTRY--PERSONAL NAME
Personal name McMillan, Terry.
9 (RLIN) 18821
856 42 - ELECTRONIC LOCATION AND ACCESS
Materials specified Contributor biographical information
Uniform Resource Identifier http://www.loc.gov/catdir/enhancements/fy1206/89072191-b.html
856 42 - ELECTRONIC LOCATION AND ACCESS
Materials specified Publisher description
Uniform Resource Identifier https://www.loc.gov/catdir/enhancements/fy1702/89072191-d.html
906 ## - LOCAL DATA ELEMENT F, LDF (RLIN)
a 7
b cbc
c orignew
d 1
e opcn
f 19
g y-gencatlg
942 ## - ADDED ENTRY ELEMENTS (KOHA)
Source of classification or shelving scheme Dewey Decimal Classification
Koha item type Open Shelf
Holdings
Withdrawn status Lost status Source of classification or shelving scheme Damaged status Not for loan Home library Current library Date acquired Source of acquisition Total Checkouts Barcode Date last seen Price effective from Koha item type
    Dewey Decimal Classification     MUST Main Library MUST Main Library 17/07/2024 Donation   2024-22013 17/07/2024 17/07/2024 Open Shelf